Ecos del tiempo subterráneo: las peñas en Santiago durante el régimen militar, 1973-1983
Đã lưu trong:
| Những tác giả chính: | , |
|---|---|
| Định dạng: | Sách |
| Ngôn ngữ: | Tiếng Tây Ban Nha |
| Được phát hành: |
Santiago
LOM
2009
|
| Phiên bản: | 1a. ed |
| Loạt: | Colección Historia
|
| Những chủ đề: | |
| Các nhãn: |
Thêm thẻ
Không có thẻ, Là người đầu tiên thẻ bản ghi này!
|
MARC
| LEADER | 00000nam a2200000 a 4500 | ||
|---|---|---|---|
| 001 | UCH9153 | ||
| 003 | CL-VaPUC | ||
| 008 | 091224e20090000CL |||||||||||||||||spa|d | ||
| 020 | |a 9789560000965 | ||
| 082 | 0 | 4 | |a 790 |b GON |2 21 |
| 100 | 0 | |a González Farfán, Cristián |e author |9 546072 | |
| 700 | 0 | |a Bravo Chiappe, Gabriela |e author |9 546073 | |
| 245 | 1 | 0 | |a Ecos del tiempo subterráneo: las peñas en Santiago durante el régimen militar, 1973-1983 |
| 250 | |a 1a. ed | ||
| 300 | |a 217 p | ||
| 942 | |c BK | ||
| 945 | |d 20091224 00:00:00 |a cmena | ||
| 260 | |a Santiago |b LOM |c 2009 | ||
| 650 | 0 | |a Desarrollo cultural |9 267526 | |
| 650 | 0 | |a Folklore chileno |9 265536 | |
| 650 | 7 | |a REGIMEN MILITAR |2 CL-VaPUC |9 356963 | |
| 650 | 0 | |a Costumbres y tradiciones |9 268292 | |
| 650 | 7 | |a ESPECTACULOS NOCTURNOS |2 CL-VaPUC |9 546074 | |
| 651 | 7 | |a CHILE |2 CL-VaPUC |9 546075 | |
| 583 | |a last modification |c 20091224 00:00:00 |k Rodrigo Vera | ||
| 490 | 0 | |a Colección Historia | |
| 999 | |c 339214 |d 339212 | ||
| 952 | |0 0 |1 0 |4 0 |6 790_000000000000000_GON_2009 |7 0 |8 C |9 432705 |a BIBCUR |b BIBCUR |d 2019-11-22 |i 4627377 |o 790 GON 2009 |p 4627377 |r 2025-04-22 |w 2019-11-22 |y BK |k CAC | ||
| 952 | |0 0 |1 0 |4 0 |6 790_000000000000000_GON_2009 |7 0 |8 A |9 432706 |a BIBHIS |b BIBHIS |d 2019-11-22 |i 4710223 |o 790 GON 2009 |p 4710223 |r 2025-01-20 |w 2019-11-22 |y BK |k HIS | ||